On This Day (March 27th) Multiple Choice - Statistics

General Stats
  • This quiz has been taken 12 times
    4 since last reset
  • The average score is 9 of 16
Answer Stats
Question Answer % Correct
2004 – HMS Scylla, a decommissioned Leander-class frigate, is sunk as an artificial reef, the first of its kind in Europe, off the coast of which English county ? Cornwall
100%
1329 – Pope John XXII issues his "In Agro Dominico" condemning some writings of Meister Eckhart as what ? Heretical
100%
1993 – Italian former minister and Christian Democracy leader Giulio Andreotti is accused by the tribunal of Palermo of what ? Mafia Allegiance
100%
2020 - Which country becomes the 30th member of NATO? North Macedonia
100%
1794 – The United States Government establishes a permanent navy and authorizes the building of what ? Six Frigates
100%
1513 – Spanish explorer Juan Ponce de León reaches the northern end of The Bahamas on his first voyage to where ? Florida
50%
1981 – The Solidarity movement in Poland stages a warning strike, in which at least 12 million Poles walk off their jobs for how long ? Four Hours
50%
1986 – A car bomb explodes outside Russell Street Police HQ, killing one police officer and injuring 21 people, in which Australian city ? Melbourne
50%
2014 – Which country signs a peace accord with the largest Muslim rebel group, the Moro Islamic Liberation Front, ending decades of conflict ? Philippines
50%
1973 - Jerry Garcia of rock band the Grateful Dead is stopped for speeding and what other charge ? Possession of LSD
50%
1963 - Dr. Richard Beeching issues a report calling for huge cuts to the United Kingdom's what ? Rail Network
50%
1964 – The Good Friday earthquake, the most powerful earthquake recorded in North American history at a magnitude of 9.2 strikes what region of the US ? South Central Alaska
50%
1977 – Two Boeing 747 airliners collide, killing 583 people, on a foggy runway on which island ? Tenerife
50%
1980 - Mount St Helens becomes active after how many years ? 123
0%
1886 – Which Native American warrior surrenders to the U.S. Army, ending the main phase of the Apache Wars ? Geronimo
0%
1625 – Charles I becomes King of England, Scotland and Ireland as well as claiming which other title ? King of France
0%
No matching quizzes found
Score Distribution
Percent of People with Each Score
Percentile by Number Answered
Your Score History
You have not taken this quiz since the last reset